Score 0/40 Timer 08:00
27 Plays Today
Row Face % Correct
Row 1 AcrossBarack Obama
98.8%
Row 2 AcrossSpider-Man
97.8%
Row 3 AcrossGeorge W. Bush
96.6%
Row 3 AcrossGeorge Clooney
94.9%
Row 3 AcrossMichael Jackson
92.4%
Row 1 AcrossJay Leno
91.8%
Row 3 AcrossDarth Vader
91.6%
Row 3 AcrossSarah Palin
90.8%
Row 4 AcrossOsama bin Laden
90.6%
Row 5 AcrossMartin Luther King Jr.
90.5%
Row 1 AcrossNelson Mandela
90.4%
Row 1 AcrossTom Cruise
90.4%
Row 5 AcrossLeonardo DiCaprio
89.5%
Row 4 AcrossBono
86.4%
Row 4 AcrossHillary Clinton
84.4%
Row 5 AcrossJulia Roberts
82.9%
Row 3 AcrossMichael Phelps
82.6%
Row 1 AcrossRonald Reagan
81.6%
Row 4 AcrossCondoleezza Rice
79.1%
Row 4 AcrossBill Gates
78.8%
Row Face % Correct
Row 5 AcrossMother Teresa
77.7%
Row 2 AcrossSaddam Hussein
76.7%
Row 2 AcrossKanye West
72%
Row 2 AcrossTiger Woods
72%
Row 5 AcrossLeBron James
71.8%
Row 2 AcrossArnold Schwarzenegger
70.8%
Row 2 AcrossColin Powell
70.2%
Row 1 AcrossPope Benedict XVI
70%
Row 4 AcrossJohn McCain
67.6%
Row 2 AcrossVladimir Putin
65%
Row 1 AcrossJohnny Cash
64.6%
Row 5 AcrossSteven Spielberg
63.9%
Row 5 AcrossDalai Lama
61.6%
Row 5 AcrossKatie Couric
52.2%
Row 4 AcrossYasser Arafat
48.4%
Row 1 AcrossGeorge Harrison
47%
Row 3 AcrossTed Kennedy
42.4%
Row 4 AcrossBruce Springsteen
37.5%
Row 2 AcrossDale Earnhardt
35.8%
Row 3 AcrossTimothy McVeigh
24%
Remove Ads.
Support Sporcle.
Get the best of Sporcle when you Go Orange. This ad-free experience offers more features, more stats, and more fun while also helping to support Sporcle. Thank you for becoming a member.

You're not logged in!

Compare scores with friends on all Sporcle quizzes.
OR
Log In

Sporcle TV

Today on Sporcle TV


Watch our educational content, quiz creation guides, and fun videos on Sporcle TV.

Show Comments

Extras

Top Quizzes Today


Score Distribution

Paid Content

Your Account Isn't Verified!

In order to create a playlist on Sporcle, you need to verify the email address you used during registration. Go to your Sporcle Settings to finish the process.

Report this User

Report this user for behavior that violates our Community Guidelines.

Details: